Statistics for Religion by Letter - R

Click here to take the quiz!

General Stats

  • This quiz has been taken 110 times
  • The average score is 14 of 20

Answer Stats

HintAnswer% Correct
Islam's month of fastingRamadan
98%
Where Jupiter and Mars were worshipedRome
98%
God parted this sea to let the
Jews escape from Egypt
Red Sea
93%
Country with the most Orthodox ChristiansRussia
93%
Jewish religious teacherRabbi
92%
Idea that the soul will move to
another body after death
Reincarnation
90%
Religion that originated in JamaicaRastafari
89%
Romance-Orthodox countryRomania
85%
Last book in the BibleRevelation
75%
Book of Bible that is named
for a woman
Ruth
72%
God's sign that no more
floods will happen
Rainbow
63%
16th-century movement that posed
challenge to the Catholic Church
Reformation
61%
Mother of JacobRebecca
60%
End of the world in Norse mythologyRagnarök
59%
Physical remains of a saintRelics
52%
Painter of "Transfiguration"Raphael
51%
Term for a religious or solemn ceremonyRitual
45%
The Jewish New YearRosh Hashanah
44%
When righteous Christians will ascend
to heaven, prior to the tribulation
Rapture
38%
Anglican incumbent of a parishRector
25%

Score Distribution

Percentile by Number Answered

Percent of People with Each Score

Your Score History

You have not taken this quiz